01535nam a22003497a 4500003000400000005001700004008004100021040002200062082001800084100003000102245003000132260006000162300002100222366000800243490003100251505001200282505007900294505010700373505012000480505001200600650006000612650005200672650005300724650004300777650004500820650005600865650004700921700003600968942002901004999001501033952013701048OSt20230616124215.0221006b |||||||| |||| 00| 0 eng d cBiblioteca Lado V a709.05bG851a 9855aGriffin, Timeeditor aArtforum/bInternacional/ aNew Yorkc2001bNew York editorial and business offices c26.5x27cma220p. espa aSetiembrev2001x0864-1315 tLetters tCOLUMNSaFirst Break Passages Film Hotlist Books/TV TOP TEN 10-20-30 tPreviewsaFall Exhibitions From the Vault US Short Travel Brief World Report International Shorts tFeaturesaGroans of Venice Centerfold Inside the White Box Portfolio A Thousand Words Eater's Digest Openings tReviews 2Tesauro de Arte & ArquitecturaaARTE COMTEMPORANEO9703 2Tesauro de Arte & ArquitecturaaFOTOGRAFIA9702 2Tesauro de Arte & ArquitecturaaARTE VISUAL9702 2Tesauro de Arte & ArquitecturaaLIBROS 2Tesauro de Arte & ArquitecturaaNOTICIAS 2 Tesauro de Arte & ArquitecturaaARTE INTERNACIONAL 2 Tesauro de Arte & ArquitecturaaESCULTURA aNavarreta, Jose Antonioeeditor 2ddcc1h709.05iG851an0 c3865d3865 00102ddc3200140708RevistasaLVbLVd2023-06-16hSeptiembrei002518l0o709.05 G851ap002518r2023-06-16 00:00:00w2023-06-16y1